000 01598cam a2200409 i 4500
001 data
005 20260322212123.0
008 data
035 _a20162628
906 _a7
_bcbc
_corignew
_d1
_eecip
_f20
_gy-gencatlg
925 0 _aacquire
_b1 shelf copy
_xpolicy default
955 _erl02 2017-12-05 (telework) to Dewey
_wxm08 2017-12-08 (telework)
_frl02 2018-11-05 to CALM
010 _a 2017057789
020 _a9780226569871
_qcloth : alk. paper
020 _a9780226569901
_qpbk. : alk. paper
020 _z9780226570075 (e-book)
040 _aICU/DLC
_beng
_cICU
_erda
_dDLC
042 _apcc
050 0 0 _aQH26
_b.D74 2018
082 0 0 _a570.92
_223
245 0 0 _aDreamers, visionaries, and revolutionaries in the life sciences /
_cedited by Oren Harman and Michael R. Dietrich.
264 1 _aLondon :
_aLondon :
_bThe University of Chicago Press,
_c2018.
300 _a324 pages :
_billustrations ;
_c23 cm
336 _atext
_2rdacontent
337 _aunmediated
_2rdamedia
338 _avolume
_2rdacarrier
504 _aIncludes bibliographical references and index.
630 0 0 _aScience
_vBiography.
650 0 _aBiologists
_vBiography.
650 0 _aScientists
_vBiography.
650 0 _aBiology
_vBiography.
655 7 _aBiographies.
_2lcgft
_0https://id.loc.gov/authorities/genreForms/gf2014026049
700 1 _aHarman, Oren Solomon,
_eeditor.
700 1 _aDietrich, Michael R.,
_eeditor.
985 _aICUCIP
_d2017-12-04
999 _c1897
_d1897